| 000 | 00603nam a2200193 i 4500 | ||
|---|---|---|---|
| 001 | 101215 | ||
| 003 | ES-MaACL | ||
| 005 | 20250829062542.0 | ||
| 007 | t| | ||
| 008 | 051014s1945 sp ||||1| spa d | ||
| 100 | 1 |
_aMaurois, André, _d1885-1967 _979267 |
|
| 245 | 1 | 0 |
_aEstados Unidos / _cAndré Maurois, [seud.] de Emile Herzog; versión española de F. Oliver Brachfeld y J.L.B. |
| 250 | _a[1ª ed.]. | ||
| 260 |
_aBarcelona : _bLuis de Caralt, _c1945. |
||
| 300 |
_a304 p. ; _c20 cm. |
||
| 700 | 1 |
_aOliver Brachfeld, F. _986832 |
|
| 852 |
_aES-MaACL _jB-10216 _bR.21724 |
||
| 999 |
_c101215 _d101215 |
||